| 000 | 00767nam a2200205Ii 4500 | ||
|---|---|---|---|
| 003 | JO-AjNU | ||
| 008 | 230605s9999||||xx |||||||||||||| ||und|| | ||
| 040 |
_aJO-AjNU _bara _erda _cJO-AjNU |
||
| 041 | _aara | ||
| 050 | 1 | 4 | _aLB1731.D876 2005 |
| 100 | 3 |
_aالدريج،محمد مؤلف/جمل،محمد جهاد م.مشارك, _eauthor _922486 |
|
| 245 | 0 | 0 | _aالتدريس المصغر التكوين والتنمية المهنية للمعلمين |
| 250 | _aط1 | ||
| 264 | 3 | 1 | _aالعين:دار الكتاب الجامعي،2005 |
| 300 | _a236ص | ||
| 336 |
_atext _btxt _2rdacontent |
||
| 337 |
_aunmediated _bn _2rdamedia |
||
| 338 |
_avolume _bnc _2rdacarrier |
||
| 650 | 4 |
_aتعليم مصغر. تدريس-أساليب. معلمون-تدريب. _922487 |
|
| 999 |
_aA7989 _c11557 _d11557 |
||